00836nam a2200253 i 450000100060000000300090000600500170001500700030003200800410003502000180007608000110009408000110010510000350011624500870015126000420023830000220028049000150030265000360031765000340035383000230038785200330041099900170044395201220046013829ES-MaACL20250805062542.0t|980709s1977 fr ||||1| fre d a2-02-009175-5 a321.01 a316.621 aCastoriadis, Cornelius.93679810aDomaines de l'homme b: les carrefours du labyrinthe II / cCornelius Castoriadis. aParis : bEditions du Seuil, c[1977] a455 p. ; c21 cm.1 aEmpreintes 4aPolítica-xFilosofía91627414aIndividuo y sociedad.91788160 aEmpreintes9228468 aES-MaACLjL-21116 bR.113551 c13829d13829 00104070aATENEOMbATENEOMcDEPO2d2008-01-17eSCl0oL-21116p1014073r2023-02-23 00:00:00w2023-02-23yMONOGRAFIA